000
00271nam a22001097a 4500
082
_a
539.7 BUS'A
100
_a
BUSH, H.D
_9
59668
245
_a
ATOMIC AND NUCLEAR PHYSICS THEORETICAL PRINCIPLES
260
_a
NEW JERSEY
_b
PRANTIC HALL
_c
1962
300
_a
218P
942
_c
BK
999
_c
569590
_d
569590